000 01489nam0a2200361 4500
001 RU\NLR\bibl\949723
005 20260405103050.0
010 _a5-89552-164-9
_9200
021 _aRU
_b2006-19861
_9991
035 _a(NLR Aleph) 000937833
090 _a200769
_c200769
100 _a20060516d2006 |||y0rusy50 ca
101 0 _arus
_aeng
_ager
_afre
102 _aRU
105 _aa |||||||||
200 1 _aКалуга и вокруг нее
_dKaluga and the surroundings
_fВиктор Комиссаров
_zeng
210 _aКалуга
_cИзд-во Н.Ф. Бочкаревой
_d2006
215 _a215, [1] с.
_cил., цв. ил., портр.
_d17
300 _aНа обл. авт. не указан
300 _aАвт. также на англ. яз.: Viktor Komissarov
300 _aЧасть текста на англ., нем. и фр. яз.
320 _aБиблиогр. в подстроч. прим.
510 1 _6z77790
_aKaluga and the surroundings
_zeng
607 _aКалуга, город
_xИстория
_92106015
_3RU\NLR\auth\661273200
686 _aТ3(2Р-4Калж-2К)
700 1 _4070
_8rus
_7ca
_aКомиссаров
_bВ.И.
_f1960-
_gВиктор Иванович
_3RU\NLR\auth\7738749
_921733
790 1 _4070
_8rus
_7ba
_aKomissarov
_bV. I.
_f1960-
_gViktor Ivanovič
_3RU\NLR\auth\7738750
_921734
801 0 _aRU
_bNLR
_c20060516
_grcr
801 1 _aRU
_bNLR
_c20060516
942 _cBOOK
980 _aNB